000 00685nam a22002177a 4500
003 UA-OsUOA
001 68527
007 ta
008 20100429b un ||||| |||| 00| 0 ukr d
100 _aХарченко С.
090 _a330(4770
_bХ22
942 _cSA
040 _aUA-OsUOA
_bukr
_cUA-OsUOA
_dUA-OsUOA
245 _aФінанси держави - глобальний пріоритет і колосальна відповідальність. Державному казначейству України 15 років
300 _aС.10
955 _a0
041 _aukr
080 _a330(4770
773 0 _w68526
650 7 _a330 Економіка взагалі
_2UDC
999 _c354783
_d354783